<?xml version="1.0" encoding="UTF-8"?>
<record
    xmlns:xsi="http://www.w3.org/2001/XMLSchema-instance"
    xsi:schemaLocation="http://www.loc.gov/MARC21/slim http://www.loc.gov/standards/marcxml/schema/MARC21slim.xsd"
    xmlns="http://www.loc.gov/MARC21/slim">

  <leader>00762nam a22002177a 4500</leader>
  <datafield tag="999" ind1=" " ind2=" ">
    <subfield code="c">1341</subfield>
    <subfield code="d">1341</subfield>
  </datafield>
  <controlfield tag="001">13007</controlfield>
  <controlfield tag="003">BD-DhUAP</controlfield>
  <controlfield tag="005">20200205163907.0</controlfield>
  <controlfield tag="008">200205s2009    bg ||||| |||| 00| 0 eng d</controlfield>
  <datafield tag="020" ind1=" " ind2=" ">
    <subfield code="a">98432509X</subfield>
  </datafield>
  <datafield tag="040" ind1=" " ind2=" ">
    <subfield code="a">BD-DhUAP</subfield>
    <subfield code="b">Eng</subfield>
    <subfield code="c">BD-DhUAP</subfield>
    <subfield code="d">BD-DhUAP</subfield>
  </datafield>
  <datafield tag="082" ind1=" " ind2=" ">
    <subfield code="2">23</subfield>
    <subfield code="a">343.54920994 AHM</subfield>
  </datafield>
  <datafield tag="100" ind1=" " ind2=" ">
    <subfield code="a">Ahmed, Zulfiquar. </subfield>
  </datafield>
  <datafield tag="245" ind1=" " ind2=" ">
    <subfield code="a">A text book on cyber law in Bangladesh :</subfield>
    <subfield code="b">information &amp; communication technology act, 2006, media, press and telecommunication laws of Bangladesh /</subfield>
    <subfield code="c">Zulfiquar Ahmed.</subfield>
  </datafield>
  <datafield tag="250" ind1=" " ind2=" ">
    <subfield code="a">1st ed.</subfield>
  </datafield>
  <datafield tag="260" ind1=" " ind2=" ">
    <subfield code="a">Dhaka :</subfield>
    <subfield code="b">Hasan law books,</subfield>
    <subfield code="c">c2009.</subfield>
  </datafield>
  <datafield tag="300" ind1=" " ind2=" ">
    <subfield code="a">xxiv, 455 pages :</subfield>
    <subfield code="b">illustrations ;</subfield>
    <subfield code="c">23 cm.</subfield>
  </datafield>
  <datafield tag="650" ind1=" " ind2=" ">
    <subfield code="a">Internet</subfield>
    <subfield code="v">Law and legislation</subfield>
    <subfield code="z">Bangladesh.</subfield>
  </datafield>
  <datafield tag="650" ind1=" " ind2=" ">
    <subfield code="a">Computer law</subfield>
    <subfield code="z">Bangladesh.</subfield>
  </datafield>
  <datafield tag="942" ind1=" " ind2=" ">
    <subfield code="2">ddc</subfield>
    <subfield code="c">BK</subfield>
  </datafield>
  <datafield tag="952" ind1=" " ind2=" ">
    <subfield code="0">0</subfield>
    <subfield code="1">0</subfield>
    <subfield code="2">ddc</subfield>
    <subfield code="4">0</subfield>
    <subfield code="7">0</subfield>
    <subfield code="a">UAPCL</subfield>
    <subfield code="b">UAPCL</subfield>
    <subfield code="c">General Stacks</subfield>
    <subfield code="d">2020-02-05</subfield>
    <subfield code="o">343.54920994 AHM</subfield>
    <subfield code="p">3010013007</subfield>
    <subfield code="r">2020-02-05</subfield>
    <subfield code="t">1</subfield>
    <subfield code="w">2020-02-05</subfield>
    <subfield code="y">BK</subfield>
  </datafield>
  <datafield tag="952" ind1=" " ind2=" ">
    <subfield code="0">0</subfield>
    <subfield code="1">0</subfield>
    <subfield code="2">ddc</subfield>
    <subfield code="4">0</subfield>
    <subfield code="7">0</subfield>
    <subfield code="a">UAPCL</subfield>
    <subfield code="b">UAPCL</subfield>
    <subfield code="c">General Stacks</subfield>
    <subfield code="d">2020-02-05</subfield>
    <subfield code="o">343.54920994 AHM</subfield>
    <subfield code="p">3010013009</subfield>
    <subfield code="r">2020-02-05</subfield>
    <subfield code="t">2</subfield>
    <subfield code="w">2020-02-05</subfield>
    <subfield code="y">BK</subfield>
  </datafield>
  <datafield tag="952" ind1=" " ind2=" ">
    <subfield code="0">0</subfield>
    <subfield code="1">0</subfield>
    <subfield code="2">ddc</subfield>
    <subfield code="4">0</subfield>
    <subfield code="7">0</subfield>
    <subfield code="a">UAPCL</subfield>
    <subfield code="b">UAPCL</subfield>
    <subfield code="c">General Stacks</subfield>
    <subfield code="d">2020-02-05</subfield>
    <subfield code="l">1</subfield>
    <subfield code="o">343.54920994 AHM</subfield>
    <subfield code="p">3010013008</subfield>
    <subfield code="r">2023-04-10</subfield>
    <subfield code="s">2023-04-03</subfield>
    <subfield code="t">3</subfield>
    <subfield code="w">2020-02-05</subfield>
    <subfield code="y">BK</subfield>
  </datafield>
  <datafield tag="952" ind1=" " ind2=" ">
    <subfield code="0">0</subfield>
    <subfield code="1">0</subfield>
    <subfield code="2">ddc</subfield>
    <subfield code="4">0</subfield>
    <subfield code="7">0</subfield>
    <subfield code="a">UAPCL</subfield>
    <subfield code="b">UAPCL</subfield>
    <subfield code="c">General Stacks</subfield>
    <subfield code="d">2020-02-05</subfield>
    <subfield code="o">343.54920994 AHM</subfield>
    <subfield code="p">3010013004</subfield>
    <subfield code="r">2020-02-05</subfield>
    <subfield code="t">4</subfield>
    <subfield code="w">2020-02-05</subfield>
    <subfield code="y">BK</subfield>
  </datafield>
  <datafield tag="952" ind1=" " ind2=" ">
    <subfield code="0">0</subfield>
    <subfield code="1">0</subfield>
    <subfield code="2">ddc</subfield>
    <subfield code="4">0</subfield>
    <subfield code="7">0</subfield>
    <subfield code="a">UAPCL</subfield>
    <subfield code="b">UAPCL</subfield>
    <subfield code="c">General Stacks</subfield>
    <subfield code="d">2020-02-05</subfield>
    <subfield code="o">343.54920994 AHM</subfield>
    <subfield code="p">3010013006</subfield>
    <subfield code="r">2020-02-05</subfield>
    <subfield code="t">5</subfield>
    <subfield code="w">2020-02-05</subfield>
    <subfield code="y">BK</subfield>
  </datafield>
  <datafield tag="952" ind1=" " ind2=" ">
    <subfield code="0">0</subfield>
    <subfield code="1">0</subfield>
    <subfield code="2">ddc</subfield>
    <subfield code="4">0</subfield>
    <subfield code="7">0</subfield>
    <subfield code="a">UAPCL</subfield>
    <subfield code="b">UAPCL</subfield>
    <subfield code="c">General Stacks</subfield>
    <subfield code="d">2020-02-05</subfield>
    <subfield code="o">343.54920994 AHM</subfield>
    <subfield code="p">3010013011</subfield>
    <subfield code="r">2020-02-05</subfield>
    <subfield code="t">6</subfield>
    <subfield code="w">2020-02-05</subfield>
    <subfield code="y">BK</subfield>
  </datafield>
  <datafield tag="952" ind1=" " ind2=" ">
    <subfield code="0">0</subfield>
    <subfield code="1">0</subfield>
    <subfield code="2">ddc</subfield>
    <subfield code="4">0</subfield>
    <subfield code="7">0</subfield>
    <subfield code="a">UAPCL</subfield>
    <subfield code="b">UAPCL</subfield>
    <subfield code="c">General Stacks</subfield>
    <subfield code="d">2020-02-05</subfield>
    <subfield code="o">343.54920994 AHM</subfield>
    <subfield code="p">3010013010</subfield>
    <subfield code="r">2020-02-05</subfield>
    <subfield code="t">7</subfield>
    <subfield code="w">2020-02-05</subfield>
    <subfield code="y">BK</subfield>
  </datafield>
  <datafield tag="952" ind1=" " ind2=" ">
    <subfield code="0">0</subfield>
    <subfield code="1">0</subfield>
    <subfield code="2">ddc</subfield>
    <subfield code="4">0</subfield>
    <subfield code="7">0</subfield>
    <subfield code="a">UAPCL</subfield>
    <subfield code="b">UAPCL</subfield>
    <subfield code="c">General Stacks</subfield>
    <subfield code="d">2020-02-05</subfield>
    <subfield code="l">1</subfield>
    <subfield code="o">343.54920994 AHM</subfield>
    <subfield code="p">3010013012</subfield>
    <subfield code="r">2023-02-11</subfield>
    <subfield code="s">2023-02-11</subfield>
    <subfield code="t">8</subfield>
    <subfield code="w">2020-02-05</subfield>
    <subfield code="y">BK</subfield>
  </datafield>
  <datafield tag="952" ind1=" " ind2=" ">
    <subfield code="0">0</subfield>
    <subfield code="1">0</subfield>
    <subfield code="2">ddc</subfield>
    <subfield code="4">0</subfield>
    <subfield code="7">0</subfield>
    <subfield code="a">UAPCL</subfield>
    <subfield code="b">UAPCL</subfield>
    <subfield code="c">General Stacks</subfield>
    <subfield code="d">2020-02-05</subfield>
    <subfield code="o">343.54920994 AHM</subfield>
    <subfield code="p">3010012750</subfield>
    <subfield code="r">2020-02-05</subfield>
    <subfield code="t">9</subfield>
    <subfield code="w">2020-02-05</subfield>
    <subfield code="y">BK</subfield>
  </datafield>
  <datafield tag="952" ind1=" " ind2=" ">
    <subfield code="0">0</subfield>
    <subfield code="1">0</subfield>
    <subfield code="2">ddc</subfield>
    <subfield code="4">0</subfield>
    <subfield code="7">0</subfield>
    <subfield code="a">UAPCL</subfield>
    <subfield code="b">UAPCL</subfield>
    <subfield code="c">General Stacks</subfield>
    <subfield code="d">2020-02-05</subfield>
    <subfield code="l">1</subfield>
    <subfield code="o">343.54920994 AHM</subfield>
    <subfield code="p">3010012749</subfield>
    <subfield code="q">2023-08-07</subfield>
    <subfield code="r">2023-07-24</subfield>
    <subfield code="s">2023-07-24</subfield>
    <subfield code="t">10</subfield>
    <subfield code="w">2020-02-05</subfield>
    <subfield code="y">BK</subfield>
  </datafield>
  <datafield tag="952" ind1=" " ind2=" ">
    <subfield code="0">0</subfield>
    <subfield code="1">0</subfield>
    <subfield code="2">ddc</subfield>
    <subfield code="4">0</subfield>
    <subfield code="7">0</subfield>
    <subfield code="a">UAPCL</subfield>
    <subfield code="b">UAPCL</subfield>
    <subfield code="c">General Stacks</subfield>
    <subfield code="d">2020-02-05</subfield>
    <subfield code="l">1</subfield>
    <subfield code="o">343.54920994 AHM</subfield>
    <subfield code="p">3010011784</subfield>
    <subfield code="r">2024-03-07</subfield>
    <subfield code="s">2024-02-27</subfield>
    <subfield code="t">11</subfield>
    <subfield code="w">2020-02-05</subfield>
    <subfield code="y">BK</subfield>
  </datafield>
  <datafield tag="952" ind1=" " ind2=" ">
    <subfield code="0">0</subfield>
    <subfield code="1">0</subfield>
    <subfield code="2">ddc</subfield>
    <subfield code="4">0</subfield>
    <subfield code="7">0</subfield>
    <subfield code="a">UAPCL</subfield>
    <subfield code="b">UAPCL</subfield>
    <subfield code="c">General Stacks</subfield>
    <subfield code="d">2020-02-05</subfield>
    <subfield code="l">2</subfield>
    <subfield code="o">343.54920994 AHM</subfield>
    <subfield code="p">3010011780</subfield>
    <subfield code="r">2024-03-06</subfield>
    <subfield code="s">2024-03-05</subfield>
    <subfield code="t">12</subfield>
    <subfield code="w">2020-02-05</subfield>
    <subfield code="y">BK</subfield>
  </datafield>
  <datafield tag="952" ind1=" " ind2=" ">
    <subfield code="0">0</subfield>
    <subfield code="1">0</subfield>
    <subfield code="2">ddc</subfield>
    <subfield code="4">0</subfield>
    <subfield code="7">0</subfield>
    <subfield code="a">UAPCL</subfield>
    <subfield code="b">UAPCL</subfield>
    <subfield code="c">General Stacks</subfield>
    <subfield code="d">2020-02-05</subfield>
    <subfield code="o">343.54920994 AHM</subfield>
    <subfield code="p">3010011782</subfield>
    <subfield code="r">2020-02-05</subfield>
    <subfield code="t">13</subfield>
    <subfield code="w">2020-02-05</subfield>
    <subfield code="y">BK</subfield>
  </datafield>
  <datafield tag="952" ind1=" " ind2=" ">
    <subfield code="0">0</subfield>
    <subfield code="1">0</subfield>
    <subfield code="2">ddc</subfield>
    <subfield code="4">0</subfield>
    <subfield code="7">0</subfield>
    <subfield code="a">UAPCL</subfield>
    <subfield code="b">UAPCL</subfield>
    <subfield code="c">General Stacks</subfield>
    <subfield code="d">2020-02-05</subfield>
    <subfield code="o">343.54920994 AHM</subfield>
    <subfield code="p">3010011781</subfield>
    <subfield code="r">2020-02-05</subfield>
    <subfield code="t">14</subfield>
    <subfield code="w">2020-02-05</subfield>
    <subfield code="y">BK</subfield>
  </datafield>
  <datafield tag="952" ind1=" " ind2=" ">
    <subfield code="0">0</subfield>
    <subfield code="1">0</subfield>
    <subfield code="2">ddc</subfield>
    <subfield code="4">0</subfield>
    <subfield code="7">0</subfield>
    <subfield code="a">UAPCL</subfield>
    <subfield code="b">UAPCL</subfield>
    <subfield code="c">General Stacks</subfield>
    <subfield code="d">2020-02-05</subfield>
    <subfield code="o">343.54920994 AHM</subfield>
    <subfield code="p">3010011783</subfield>
    <subfield code="r">2020-02-12</subfield>
    <subfield code="t">15</subfield>
    <subfield code="w">2020-02-05</subfield>
    <subfield code="y">BK</subfield>
  </datafield>
  <datafield tag="952" ind1=" " ind2=" ">
    <subfield code="0">0</subfield>
    <subfield code="1">0</subfield>
    <subfield code="2">ddc</subfield>
    <subfield code="4">0</subfield>
    <subfield code="7">0</subfield>
    <subfield code="a">UAPCL</subfield>
    <subfield code="b">UAPCL</subfield>
    <subfield code="c">General Stacks</subfield>
    <subfield code="d">2020-02-05</subfield>
    <subfield code="o">343.54920994 AHM</subfield>
    <subfield code="p">3010013003</subfield>
    <subfield code="r">2020-03-09</subfield>
    <subfield code="t">16</subfield>
    <subfield code="w">2020-02-05</subfield>
    <subfield code="y">BK</subfield>
  </datafield>
  <datafield tag="952" ind1=" " ind2=" ">
    <subfield code="0">0</subfield>
    <subfield code="1">0</subfield>
    <subfield code="2">ddc</subfield>
    <subfield code="4">0</subfield>
    <subfield code="7">0</subfield>
    <subfield code="a">UAPCL</subfield>
    <subfield code="b">UAPCL</subfield>
    <subfield code="c">General Stacks</subfield>
    <subfield code="d">2020-02-05</subfield>
    <subfield code="o">343.54920994 AHM</subfield>
    <subfield code="p">3010013005</subfield>
    <subfield code="r">2020-03-10</subfield>
    <subfield code="t">17</subfield>
    <subfield code="w">2020-02-05</subfield>
    <subfield code="y">BK</subfield>
  </datafield>
</record>
